Catálogo
 En Linea

El crucigrama forestal dominicano : (Registro nro. 28571)

Detalles MARC
000 -CABECERA
campo de control de longitud fija 00707nam a2200193 a 4500
001 - NÚMERO DE CONTROL
campo de control 000029079
005 - FECHA Y HORA DE LA ÚLTIMA TRANSACCIÓN
campo de control 20200930055322.0
008 - DATOS DE LONGITUD FIJA--INFORMACIÓN GENERAL
campo de control de longitud fija 110413s1989 dr c 000 | spa d
040 ## - FUENTE DE LA CATALOGACIÓN
Centro catalogador/agencia de origen DO-SdBNP
Lengua de catalogación spa
Centro/agencia transcriptor BNPHU
082 ## - NÚMERO DE LA CLASIFICACIÓN DECIMAL DEWEY
Número de clasificación xxx
Número de documento/Ítem A728c
049 ## - FONDOS LOCALES (OCLC)
Fondos de biblioteca BNPD
100 1# - ENTRADA PRINCIPAL--NOMBRE DE PERSONA
Nombre de persona Armenteros Rius, Enrique
9 (RLIN) 55978
245 13 - MENCIÓN DE TÍTULO
Título El crucigrama forestal dominicano :
Resto del título inquietudes, sugerencias y esperanzas /
Mención de responsabilidad, etc. Enrique Armenteros Rius.
260 ## - PUBLICACIÓN, DISTRIBUCIÓN, ETC.
Lugar de publicación, distribución, etc. Santo Domingo :
Nombre del editor, distribuidor, etc. Fundación para el Mejoramiento Humano (PROGRESSIO),
Fecha de publicación, distribución, etc. 1989.
Fabricante (Taller)
300 ## - DESCRIPCIÓN FÍSICA
Extensión 26 p. :
Otras características físicas retr. ;
Dimensiones 22 cm.
490 1# - MENCIÓN DE SERIE
Mención de serie PROGRESSIO
Designación de volumen o secuencia 10
500 ## - NOTA GENERAL
Nota general Incluye datos biográficos del autor entre las primeras páginas.
830 #0 - PUNTO DE ACCESO ADICIONAL DE SERIE-TÍTULO UNIFORME
Título uniforme PROGRESSIO;
Designación de volumen o secuencia 10
9 (RLIN) 55979
Existencias
Estado de retiro Estado de pérdida No para préstamo Código de colección Localización permanente Ubicación/localización actual Ubicación en estantería Fecha de adquisición Número de inventario Total de préstamos Signatura topográfica completa Código de barras Fecha visto por última vez Precio válido a partir de Tipo de ítem Koha
    Excluido de préstamo Patrimonio Dominicano Patrimonio Dominicano Patrimonio Dominicano En catalogación 13.04.2011 LF1   xxx A728c 29079-10 25.06.2020 25.06.2020 Libro y Folleto Colección Patrimonio Dominicano

Con tecnología Koha